00755nam a2200193 a 450000100060000000300090000600800410001502000160005604000280007208200180010010000340011824501450015226000290029730000170032665000490034394200120039299900170040495201400042125340CO-ViMGA141112s2004 ck r 000 u spa d a95893610702 aCO-ViMGAbspacCO-ViMGA04a346.017 G172d1 aGarcia Méndez, Emilio9559910aDerecho de la Infanci - Adolescencia en América Latina : bDe la Situación Irregular a la Proteccion Integral / cEmilio Garcia Méndez aColombia : bGente Nueva a191 p. 22 cm14aDerecho de la Infancia - Adolescencia938637 2ddccBK c32948d32948 00102ddc40708002aMEVIECARbMEVIECARd2015-12-04h26/nov/2013l0o346.017 G172d p26363r2015-12-04 00:00:00tEj. 1w2015-12-04yBK